000 00485nam a2200193Ia 4500
005 20240823013929.0
008 240823s9999||||xx |||||||||||||| ||und||
020 _a81-85749-25-6
041 _aENGLISH
082 _A410.4 P2
100 _aPrasad P
245 0 _aCommunication Skills : For Engineering and Professionals
250 _a5th
260 _c2002
_b"Kataria S K,"
_aDelhi
500 _aTRANSFERED
650 _aCommunication
_bGeneral
942 _cBK
999 _c168635
_d168635